LEADER 01038nam0-22003251i-450- 001 990000507580403321 005 20090216135435.0 010 $a0-306-10942-5 035 $a000050758 035 $aFED01000050758 035 $a(Aleph)000050758FED01 035 $a000050758 100 $a20020821d1977----km-y0itay50------ba 101 1 $aeng$crus 105 $aa-------001yy 200 1 $aTemporal characteristics of laser pulses and interaction of laser radiation with matter$fedited by N. G. Basov 210 $aNew York ; London$cConsultants Bureau$dc1977 215 $a197 p.$cill.$d28 cm 225 1 $aProceedings (Trudy) of the P.N. Lebedev Physics Institute$v84 610 0 $aFascio laser 610 0 $aElettronica quantistica 610 0 $aCristalli$aEffetto radiazioni 676 $a621.366 700 1$aBasov,$bN. G.$g 801 0$aIT$bUNINA$gRICA$2UNIMARC 901 $aBK 912 $a990000507580403321 952 $a10 B III 324$bCNR L/29$fDINEL 959 $aDINEL 997 $aUNINA LEADER 00903nam a2200277 i 4500 001 991000206349707536 005 20020527110800.0 008 010810s1963 it ||| | ita 035 $ab10045004-39ule_inst 035 $aPARLA217204$9ExL 040 $aDip.to Filosofia$bita 082 0 $a211 100 1 $aVerret, Michel$0122248 245 12$aL'ateismo moderno /$cMichel Verret 260 $aRoma :$bEditori riuniti,$c1963 300 $a295 p. ;$c19 cm. 490 0 $aEnciclopedia tascabile 650 4$aAteismo 650 4$aMarxismo e religione 740 4 $aLes marxistes et la religion 907 $a.b10045004$b17-02-17$c27-06-02 912 $a991000206349707536 945 $aLE005 MF 22 C 5$g1$iLE005A-2189$lle005$o-$pE0.00$q-$rl$s- $t0$u0$v0$w0$x0$y.i10052975$z27-06-02 996 $aAteismo moderno$9193058 997 $aUNISALENTO 998 $ale005$b01-01-01$cm$da $e-$fita$git $h2$i1